| 000 | 00387nam a2200169Ia 4500 | ||
|---|---|---|---|
| 003 | OSt | ||
| 005 | 20240406120506.0 | ||
| 008 | 170619s9999 xx 000 0 und d | ||
| 020 | _a0074631802 | ||
| 040 | _cIIMT ENGINEERING COLLEGE | ||
| 100 | _aRao P.N. | ||
| 245 | 0 | _aManufacturing technology | |
| 260 | _bNew Delhi: TMH | ||
| 260 | _c2002 | ||
| 546 | _aENGLISH | ||
| 942 |
_2ddc _c01 |
||
| 999 |
_c16627 _d16627 |
||